Coquillage ou crustacé ? - Statistiques

Statistiques générales
  • Ce quiz a été pris 70 fois
  • Le résultat moyen est 17 sur 20
Statistiques - réponses
Hint Réponse % Correct
Ecrevisse Crustacé
97%
Crevette Crustacé
97%
Homard Crustacé
97%
Langouste Crustacé
92%
Gambas Crustacé
92%
Langoustine Crustacé
90%
Huître Coquillage
89%
Palourde Coquillage
89%
Moule Coquillage
87%
Crabe Crustacé
87%
Coquille Saint-Jacques Coquillage
86%
Araignée de mer Crustacé
86%
Pétoncle Coquillage
84%
Patelle Coquillage
84%
Ormeau Coquillage
83%
Praire Coquillage
78%
Bulot Coquillage
75%
Tourteau Crustacé
73%
Bigorneau Coquillage
68%
Bernard l'Hermite Crustacé
57%
Aucun quiz correspondant
Distribution des résultats
% des personnes avec chaque résultat
Percentile par nombre de réponses
Votre historique - résultats
Vous n’avez pas pris ce quiz